Tilastot visalle Valtiot, joiden nimessä on G

Klikkaa tästä pelataksesi tätä visaa!

Yleistilastot

  • Tätä visaa on pelattu 326 kertaa
  • Keskiarvotulos 33 / 42

Vastaustilastot

valtio% Oikein
Gambia
94%
Guinea
92%
Guatemala
91%
Algeria
89%
Afganistan
88%
Georgia
88%
Guinea-Bissau
88%
Kongon demokraattinen tasavalta
88%
Kongon tasavalta
88%
Angola
87%
Gabon
86%
Argentiina
84%
Bulgaria
84%
Ghana
84%
Grenada
84%
Togo
84%
Belgia
83%
Guyana
83%
Antigua ja Barbuda
82%
Uruguay
82%
Päiväntasaajan Guinea
81%
Paraguay
81%
Tonga
81%
Bangladesh
80%
Senegal
80%
Madagaskar
79%
Nicaragua
78%
Trinidad ja Tobago
78%
Uganda
78%
Egypti
77%
Niger
76%
Nigeria
76%
Mongolia
75%
Montenegro
73%
Saint Vincent ja Grenadiinit
71%
Bosnia ja Hertsegovina
70%
Luxemburg
70%
Kirgisia
67%
Portugali
66%
Papua-Uusi-Guinea
65%
Singapore
63%
Yhdistynyt kuningaskunta
53%

Tulosjakauma

Persentiili vastausten määrän mukaan

Jokaisen tuloksen saaneiden osuus

Tuloshistoriasi

Et ole pelannut tätä visaa